| 000 | 00666nam a2200205Ia 4500 | ||
|---|---|---|---|
| 003 | GCL | ||
| 008 | 140319s9999 xx 000 0 ara d | ||
| 040 |
_aGCL / _cGCL |
||
| 082 | 0 | 4 |
_aط _b372.6541 _bس ق |
| 100 | 1 | _aشركة سفير | |
| 245 | 1 | 0 |
_aقاموس سفير المصور: عربى أنجليزى, أنجليزى عربى Safeer Illustrates Dictionary Arabic English, English Arabic / _cشركة سفير |
| 260 |
_a[S.N] : _bشركة سفير |
||
| 300 | _aمتعدد الارقام | ||
| 490 | _a | ||
| 650 | 0 | 4 | _aالاطفال |
| 650 | 0 | 4 | _aتعليم الاطفال |
| 650 | 0 | 4 | _aالمعاجم |
| 650 | 0 | 4 | _aتعليم |
| 942 |
_2ddc _cBK |
||
| 999 |
_c57199 _d57199 |
||